|
|
|
|
| LEADER |
01859cam a2200493 i 4500 |
| 001 |
nkc20162770052 |
| 003 |
CZ PrNK |
| 005 |
20250627235008.0 |
| 007 |
ta |
| 008 |
151204s2015 xr a b 000 p cze d |
| 015 |
|
|
|a cnb002770052
|
| 020 |
|
|
|a 978-80-7515-016-5
|q (vázáno)
|
| 035 |
|
|
|a (OCoLC)949213656
|
| 040 |
|
|
|a ULG001
|b cze
|d ABA001
|e rda
|
| 072 |
|
7 |
|a 821.162.3-1
|x Česká poezie
|2 Konspekt
|9 25
|
| 072 |
|
7 |
|a 821-93
|x Literatura pro děti a mládež (beletrie)
|2 Konspekt
|9 26
|
| 080 |
|
|
|a 821.162.3-1
|2 MRF
|
| 080 |
|
|
|a 821-93
|2 MRF
|
| 080 |
|
|
|a (0:82-17)
|2 MRF
|
| 100 |
1 |
|
|a Drtina, Luboš,
|d 1963-
|7 jo2003193234
|4 aut
|4 ill
|4 edt
|
| 245 |
1 |
0 |
|a Baoplaneta /
|c Luboš Drtina & Baobab
|
| 246 |
1 |
|
|i Název v tiráži:
|a Bajo!planeta
|
| 250 |
|
|
|a 1. vydání
|
| 264 |
|
1 |
|a Praha :
|b Baobab (ve společnosti Baobab&GplusG, s.r.o.),
|c 2015
|
| 300 |
|
|
|a 60 nečíslovaných stran :
|b barevné ilustrace ;
|c 11 x 14 cm +
|e Baoplán (1 dvoulist)
|
| 336 |
|
|
|a text
|b txt
|2 rdacontent
|
| 336 |
|
|
|a statický obraz
|b sti
|2 rdacontent
|
| 337 |
|
|
|a bez média
|b n
|2 rdamedia
|
| 338 |
|
|
|a svazek
|b nc
|2 rdacarrier
|
| 500 |
|
|
|a Název z obálky
|
| 500 |
|
|
|a K oslavě 15 let nakladatelství Baobab
|
| 655 |
|
7 |
|a česká poezie
|7 fd133958
|2 czenas
|
| 655 |
|
7 |
|a humoristická poezie
|7 fd278805
|2 czenas
|
| 655 |
|
7 |
|a publikace pro děti
|7 fd133156
|2 czenas
|
| 655 |
|
9 |
|a Czech poetry
|2 eczenas
|
| 655 |
|
9 |
|a humorous poetry
|2 eczenas
|
| 655 |
|
9 |
|a children's literature
|2 eczenas
|
| 856 |
4 |
1 |
|u http://www.digitalniknihovna.cz/mzk/uuid/uuid:f626daf0-363a-11f0-86eb-5ef3fc9bb22f
|y Digitalizovaný dokument
|x NDK
|
| 910 |
2 |
|
|a BOA001
|b S-1366.073
|
| 920 |
|
|
|a KN3148000000740251
|z ULG001
|
| 928 |
9 |
|
|a Baobab&GplusG
|
| 990 |
|
|
|a BK
|
| 995 |
|
|
|a 01
|
| 996 |
6 |
|
|b 2610666544
|c S-1366.073
|l MZK
|r Sklad / do 24 hodin
|n 0
|p p.v.
|w 001555515
|u 000010
|a 1
|e BOA001
|j MZK50
|s P
|